A symposium on Native aquatic bacteria : (Record no. 158361)

MARC details
000 -LEADER
fixed length control field 01182nam a2200277 4500
008 - FIXED-LENGTH DATA ELEMENTS--GENERAL INFORMATION
fixed length control field
090 ## - LOCALLY ASSIGNED LC-TYPE CALL NUMBER (OCLC); LOCAL CALL NUMBER (RLIN)
Classification number (OCLC) (R) ; Classification number, CALL (RLIN) (NR) QR105NAT
003 - CONTROL NUMBER IDENTIFIER
control field
005 - DATE AND TIME OF LATEST TRANSACTION
control field 20230123134013.0
040 ## - CATALOGING SOURCE
Transcribing agency NUST
049 ## - LOCAL HOLDINGS (OCLC)
Holding library MAIN
111 ## - MAIN ENTRY--MEETING NAME
Meeting name or jurisdiction name as entry element Native aquatic bacteria :enumerative, activity and ecology (:
Date of meeting or treaty signing 1977 June 25 :
Location of meeting Minneapolis)
245 00 - TITLE STATEMENT
Title A symposium on Native aquatic bacteria :
Remainder of title enumeration, activity, and ecology /
Statement of responsibility, etc. sponsored by ASTM Committee D-19 on Water, American Society for Testing and Materials, Minneapolis, Minn., 25 June 1977 ; edited by J. W. Costerton and R. R. Colwell,
260 ## - PUBLICATION, DISTRIBUTION, ETC.
Place of publication, distribution, etc. Philadelphia, Pa. :
Name of publisher, distributor, etc. The Society,
Date of publication, distribution, etc. c1979.
300 ## - PHYSICAL DESCRIPTION
Extent 214 p. :
Other physical details ill. ;
Dimensions 24 cm.
440 ## - SERIES STATEMENT/ADDED ENTRY--TITLE
Title ASTM special technical publication ; 695.
504 ## - BIBLIOGRAPHY, ETC. NOTE
Bibliography, etc. note Includes bibliographical references.
650 #0 - SUBJECT ADDED ENTRY--TOPICAL TERM
Topical term or geographic name entry element Water
General subdivision Microbiology
Form subdivision Congresses.
650 #0 - SUBJECT ADDED ENTRY--TOPICAL TERM
Topical term or geographic name entry element Indicators (Biology)
Form subdivision Congresses.
650 #0 - SUBJECT ADDED ENTRY--TOPICAL TERM
Topical term or geographic name entry element Bacteria
General subdivision Ecology
Form subdivision Congresses.
700 1# - ADDED ENTRY--PERSONAL NAME
Personal name Costerton, J. W.
700 1# - ADDED ENTRY--PERSONAL NAME
Personal name Colwell, Rita R.
710 2# - ADDED ENTRY--CORPORATE NAME
Corporate name or jurisdiction name as entry element American Society for Testing and Materials.
Subordinate unit Committee D-19 on Water.
907 ## - LOCAL DATA ELEMENT G, LDG (RLIN)
a .b1016392x
b 20-06-06
c 24-05-05
942 ## - ADDED ENTRY ELEMENTS (KOHA)
Koha item type Ordinary Loan Books
Call number prefix QR105NAT
Holdings
Date last seen Total Checkouts Full call number Barcode Cost, replacement price Price effective from Koha item type Lost status Source of classification or shelving scheme Damaged status Not for loan Collection Withdrawn status Home library Current library Shelving location Date acquired Cost, normal purchase price
01/23/2023   QR105 NAT 92003035300 80.00 01/23/2023 BOOKS   LCC     NFIC   MAIN MAIN GEN 01/23/2023 80.00